000 00852cam a22002651 4500
001 9201255
003 NUST - PNEC
005 20170116181121.0
008 780307s1924 enk 000 0 eng
010 _a 25013330
020 _a-
035 _a(OCoLC)3691725
040 _aDLC
_cLIBRARY
_dTQG
_dDLC
042 _apremarc
050 0 0 _aDS234
_b.A38 1924
082 _a909.04927 AME
100 1 _aSyed, Ameer Ali
_d1849-1928.
_915549
245 1 2 _aA short history of the Saracens
_cby Ameer Ali, Syed.
260 _aLondon,
_bMacmillan and co., limited,
_c1924.
300 _axxi, p., 1 l., 640 p.
_bfront., plates, fold. maps, geneal. tables (part fold.)
_c19 cm.
504 _a"Bibliographical index": p. 629-630.
651 0 _aIslamic Empire.
_xGeneral, History
906 _a7
_bcbc
_coclcrpl
_du
_encip
_f19
_gy-gencatlg
942 _2ddc
_cBK
999 _c69562
_d69562